Statistics for Countries by Global Militarization Index

Click here to take the quiz!

General Stats

  • This quiz has been taken 19 times
  • The average score is 16 of 30

Answer Stats

GMI ScoreCountry% Correct
213United States of America
100%
286Russia
88%
210Iraq
82%
359Israel
82%
303Kuwait
71%
293Oman
71%
272Qatar
71%
282Saudi Arabia
71%
230Ukraine
71%
289Bahrain
65%
257Lebanon
65%
209Turkey
65%
282Jordan
59%
261South Korea
59%
250Algeria
53%
297Armenia
53%
278Azerbaijan
53%
233Belarus
53%
287Greece
53%
263Cyprus
47%
208Republic of the Congo
47%
208Cuba
41%
234Morocco
41%
213Finland
35%
296Singapore
35%
285Brunei
29%
215South Sudan
29%
217Botswana
12%
208Lithuania
12%
217Montenegro
6%

Score Distribution

Percentile by Number Answered

Percent of People with Each Score

Your Score History

You have not taken this quiz